Mystika zatuchnutej knižnice Nad prvotinou Vladimíra Rastislava Gogára Krajina Démonov

Bibliographic Details
Main Authors: Turan, Andrijan, 1962- (Author), Gogár, Vladimír Rastislav, 1964- (Author)
Format: Article
Language:Slovak
Subjects:

MARC

LEADER 00000nab a2200000 a 4500
001 vtls000580711
003 SK-MaSNL
005 20260303011710.0
008 160203c1996 xo 0 slo
015 |a SNBRB19rr/mm-uuuuu 
035 |a CL0580849 
040 |a SNKBUCL  |b slo  |c SNKBUCL  |e AACR2 
041 0 |a slo 
044 |a xo  |c SK 
080 |a 82.09:885.4-3(048)  |2 1981 
080 |a 885.4-3(048)  |2 1981 
100 1 |a Turan, Andrijan,  |d 1962-  |4 aut  |9 94167 
245 1 0 |a Mystika zatuchnutej knižnice  |b Nad prvotinou Vladimíra Rastislava Gogára Krajina Démonov  |c Andrijan Turan 
650 0 7 |a poviedky psychologické  |2 snkbucl  |9 893883 
650 0 7 |a poviedky filozofické  |2 snkbucl  |9 931360 
655 7 |a články z novín a časopisov  |2 snkbucl  |9 267496 
655 7 |a články z odboru literárna veda a krásna literatúra  |2 snkbucl  |9 770045 
700 1 |a Gogár, Vladimír Rastislav,  |d 1964-  |4 aut  |9 193185 
773 0 |t Pravda  |g Roč. 6, č. 83 (10. 4. 1996), s. 7 
787 0 8 |i Rec.:  |a Gogár, Vladimír Rastislav  |t Krajina démonov  |d Bratislava : HEVI, 1996 
850 |a Slovenská národná knižnica v Martine  |a MTA001 
852 |a SNK  |b KIS3GCP 
958 |a RK 
958 |a LX 
958 |a SK 
992 |a RBX 
999 |c 1593539  |d 1595469